Data warehousing (Record no. 170038)
[ view plain ]
| 000 -LEADER | |
|---|---|
| fixed length control field | 00358nam a2200133Ia 4500 |
| 008 - FIXED-LENGTH DATA ELEMENTS--GENERAL INFORMATION | |
| fixed length control field | 220217s9999||||xx |||||||||||||| ||und|| |
| 020 ## - INTERNATIONAL STANDARD BOOK NUMBER | |
| International Standard Book Number | 981-240-618-2 |
| 082 ## - DEWEY DECIMAL CLASSIFICATION NUMBER | |
| Classification number | 005.74 SIN |
| 100 ## - MAIN ENTRY--PERSONAL NAME | |
| Personal name | Sinha, Amitesh |
| 9 (RLIN) | 2800 |
| 245 #0 - TITLE STATEMENT | |
| Title | Data warehousing |
| 260 ## - PUBLICATION, DISTRIBUTION, ETC. | |
| Place of publication, distribution, etc. | Thomson learning |
| Name of publisher, distributor, etc. | Bangalore |
| Date of publication, distribution, etc. | 20002 |
| 300 ## - PHYSICAL DESCRIPTION | |
| Other physical details | 230 |
| 650 ## - SUBJECT ADDED ENTRY--TOPICAL TERM | |
| Topical term or geographic name entry element | DATA FILES & DATABASE |
| 9 (RLIN) | 695 |
| Withdrawn status | Lost status | Damaged status | Not for loan | Collection code | Home library | Current library | Shelving location | Date acquired | Full call number | Barcode | Date last seen | Price effective from | Koha item type |
|---|---|---|---|---|---|---|---|---|---|---|---|---|---|
| Computer Science and Engineering | Central Library | Central Library | Reference | 02/18/2022 | 005.74 SIN | 5227 | 02/18/2022 | 02/18/2022 | Books |